000 00409nam a22001697a 4500
005 20160628142239.0
008 160628b xxu||||| |||| 00| 0 eng d
020 _a81-85749-53-1
041 _aeng
082 _b11250
100 _aGupta, Dr B.R. and Singhal, V.
_93062
245 _aPower Electronics
260 _bKatson Books
_c2012
300 _a596
650 _aDiploma Engineering
_9817
942 _cBK
999 _c4442
_d4441